000 00313nam a22001337a 4500
008 231104b |||||||| |||| 00| 0 eng d
020 _a9789350142998
040 _a06
100 _aGARG DEEPAK.
245 _aVLSI DESIGN
260 _aNEW DELHI ARISTA PUB
_bKATSON PUB
_c31/10/23
300 _a424
942 _c02
999 _c57631
_d57631